Philadelphia Eagles 2024-25 Roster - Statistics

General Stats
  • This quiz has been taken 265 times
  • The average score is 22 of 75
Answer Stats
Answer % Correct
1 Jalen Hurts
98%
26 Saquon Barkley
94%
6 DeVonta Smith
89%
11 A.J. Brown
88%
7 Kenny Pickett
87%
16 Tanner McKee
67%
14 Kenneth Gainwell
61%
65 Lane Johnson
56%
83 Jahan Dotson
55%
88 Dallas Goedert
53%
98 Jalen Carter
52%
69 Landon Dickerson
52%
28 Will Shipley
52%
51 Cam Jurgens
51%
68 Jordan Mailata
51%
33 Cooper DeJean
49%
90 Jordan Davis
46%
81 Grant Calcaterra
44%
2 Darius Slay Jr
43%
17 Nakobe Dean
43%
27 Quinyon Mitchell
43%
89 Johnny Wilson
42%
53 Zack Baun
42%
19 Josh Sweat
41%
77 Mekhi Becton
41%
55 Brandon Graham
40%
4 Jake Elliott
40%
8 C.J. Gardner-Johnson
39%
3 Nolan Smith Jr
38%
32 Reed Blankenship
38%
93 Milton Williams
37%
10 Braden Mann
34%
0 Bryce Huff
32%
74 Fred Johnson
31%
34 Isaiah Rodgers
29%
56 Tyler Steen
29%
82 Ainias Smith
26%
29 Avonte Maddox
26%
97 Moro Ojomo
25%
49 Rick Lovato
25%
58 Jalyx Hunt
24%
54 Jeremiah Trotter Jr
24%
22 Kelee Ringo
24%
21 Sydney Brown
22%
42 Oren Burks
21%
WR:18 Britain Covey
17%
23 Eli Ricks
17%
WR:80 Parris Campbell
17%
36 Tristin McCollum
16%
75 Jack Driscoll
15%
CB:24 James Bradberry IV
13%
61 Nick Gates
12%
79 Trevor Keegan
12%
TE:47 C.J. Uzomah
11%
59 Thomas Booker IV
11%
57 Ben VanSumeren
10%
TE:84 E.J. Jenkins
9%
OL:64 Brett Toth
6%
72 Darian Kinnard
6%
WR:38 John Ross
6%
RB:35 Tyrion Davis-Price
4%
DT:94 Byron Young
3%
OT:73 Le'Raven Clark
3%
CB:39 A.J. Woods
1%
S:31 Andre Sam
1%
WR:41 Danny Gray
1%
DT:96 Gabe Hall
1%
WR:86 Kyle Philips
1%
OT:67 Laekin Vakalahi
1%
CB:30 Parry Nickerson
1%
CB:46 Tariq Castro-Fields
1%
LB:78 Tarron Jackson
1%
LB:52 Dallas Gant
0%
LB:48 David Anenih
0%
WR:43 Marcus Rosemy-Jacksaint
0%
No matching quizzes found
Score Distribution
Percent of People with Each Score
Percentile by Number Answered
Your Score History
You have not taken this quiz